00433 a2200133 450000500170000002000180001710000240003524500500005925000080010926000220011794200070013999900190014695201340016520251208140414.0 a9789354601637 aNeamen D.A.9215718 aMicroelectronics: Circuit Analysis And Design a4th bMcGraw Hillc2024 cAR c369329d369329 00102ddc4070aCCEPbCCEPd2025-12-09e149g906.50l0o621.381 NEApCCEP-BK-69987r2025-12-09 00:00:00v1225.00w2025-12-09yBK